000 00337nam a22001337a 4500
008 160523b xxu||||| |||| 00| 0 eng d
020 _a9781451150230
020 _a97814511501150230
020 _a1451150237
041 _aeng
080 _a618.2
245 _aNursing drug handbook:
_cWolters Kluwer; Williams Wilkins;
942 _2udc
_cBK
999 _c2365
_d2365